Επιθεώρηση Κλινικής Φαρμακολογίας και Φαρμακοκινητικής (Record no. 9462)
[ view plain ]
| 000 -LEADER | |
|---|---|
| fixed length control field | 01935cam a22002054a 4500 |
| 005 - ΗΜΕΡΟΜΗΝΙΑ ΚΑΙ ΩΡΑ ΤΕΛΕΥΤΑΙΑΣ ΕΝΗΜΕΡΩΣΗΣ | |
| Πεδίο ελέγχου | 20250605164401.0 |
| 008 - FIXED-LENGTH DATA ELEMENTS--GENERAL INFORMATION | |
| Πεδίο ελέγχου σταθερού μήκους | 250528s ||||||||||||||||||||||||d |
| 035 ## - SYSTEM CONTROL NUMBER | |
| System control number | 24592 |
| 040 ## - ΠΗΓΗ ΚΑΤΑΛΟΓΟΓΡΑΦΗΣΗΣ | |
| Φορέας πρωτότυπης καταλογογράφησης | MC Athens Campus Library |
| Γλώσσα καταλογογράφησης | Ελληνικά, Μοντέρνα (1453-) |
| Modifying agency | MC Athens Campus Library |
| Κανόνες περιγραφικής καταλογογράφησης | AACR2 |
| 245 1# - ΤΙΤΛΟΣ ΚΑΙ ΔΗΛΩΣΗ ΥΠΕΥΘΥΝΟΤΗΤΑΣ | |
| Τίτλος | Επιθεώρηση Κλινικής Φαρμακολογίας και Φαρμακοκινητικής |
| 260 ## - PUBLICATION, DISTRIBUTION, ETC. | |
| Name of publisher, distributor, etc. | Elsevier'S Bibliographic Databases, |
| Date of publication, distribution, etc. | 2019 |
| 300 ## - PHYSICAL DESCRIPTION | |
| Extent | 70 |
| 520 ## - SUMMARY, ETC. | |
| Summary, etc. | Επιπτώσεις της Ποιότητας του Ύπνου κατά την Περιγεννητική Περίοδο στην Ψυχική και Σψματική Υγεία της Γυναίκας, Φυσικουεραπεία σε Αστικό Πληθυσμό της Τρίτης Ηλικίας - Βαθμός Ικανοποίησης και Αντίληψη των Ασθενών με Μυοσκελετικά Προβλήματα, Συσχέτιση της Χρόνιας Νόσου του Καπνίσματος κατά τη Διάρκεια της Κύησης με τις Δυσμενείς Επιδράσεις στην Υγελια και την Ανάπτυξη του Νεογνού και του Βρέφους, Βραχυπρόθεσμα και Μακροπρόθεσμα Οφέλη του Μητρικού Θηλασμού για τα Βρέφη και τις Μητέρες: Βιβλιογραφική Ανασκόπηση, Ο Ρόλος της Μαίας και οι Στρατηγικές Διακοπής Καπνίσματος στην Περιγεννητική Περίοδο, Φαρμακευτική Διαδικασία της Διακοπής της Κύησης, Μαιευτική Φροντίδα της Καπνίστριας Λεωχίδας που Θηλάζει. |
| 700 1# - ΠΡΟΣΘΕΤΗ ΑΝΑΓΡΑΦΗ--ΦΥΣΙΚΟ ΠΡΟΣΩΠΟ | |
| Personal name | Πλέσσας Σταύρος Τ |
| 9 (RLIN) | 4075 |
| 700 1# - ΠΡΟΣΘΕΤΗ ΑΝΑΓΡΑΦΗ--ΦΥΣΙΚΟ ΠΡΟΣΩΠΟ | |
| Personal name | Πλέσσας Χαράλαμπος Τ |
| 9 (RLIN) | 9428 |
| 942 ## - ADDED ENTRY ELEMENTS (KOHA) | |
| Koha item type | Περιοδικά Δημοσιεύματα |
| Τύπος τεκμηρίου | Βιβλιοθήκη | Τρέχουσα τοποθεσία | Barcode | Ημερομηνία απόκτησης | Ταξιθετικό σύμβολο | Αριθμός αντιτύπου | Αρίθμηση σειρών / χρονολογία | Κατάσταση απόσυρσης | Κατάσταση χαμένου | Κατάσταση κατεστραμμένου | Μη δανεισμός | Σύνολο δανεισμών | Ημερομηνία τελευταίας εμφάνισης | Η τιμή ισχύει από |
|---|---|---|---|---|---|---|---|---|---|---|---|---|---|---|
| Περιοδικά Δημοσιεύματα | MC Athens Campus Library | MC Athens Campus Library | 9780000094612 | 05/06/2025 | PHYSIOTHERAPY JOURNALS | 1 | 37 | 05/06/2025 | 05/06/2025 |